header

The art of love (Record no. 22373)

MARC details
000 -LEADER
fixed length control field 01676nam a2200409 a 4500
082 04 - DEWEY DECIMAL CLASSIFICATION NUMBER
Classification number 871/.01
245 04 - TITLE STATEMENT
Title The art of love
260 ## - PUBLICATION, DISTRIBUTION, ETC. (IMPRINT)
Place of publication Oxford ;
-- New York :
Name of publisher Oxford University Press,
Year of publication 2006.
300 ## - PHYSICAL DESCRIPTION
Number of Pages xii, 375 p.
650 #0 - SUBJECT ADDED ENTRY--TOPICAL TERM
Topical Term Didactic poetry, Latin
Topical Term Erotic poetry, Latin
Topical Term Seduction in literature.
Topical Term Love in literature.
700 1# - ADDED ENTRY--PERSONAL NAME
Personal name Gibson, Roy K.
Personal name Green, Steven J.,
Personal name Sharrock, Alison.
856 40 - ELECTRONIC LOCATION AND ACCESS
Uniform Resource Identifier http://site.ebrary.com/lib/rucke/Doc?id=10271686

No items available.

© 2026 Rongo University
Contact us: librarian | system librarian | Rongo university